00471 2200169 4500001002100000008004100021035002000062245005400082100002800136260004700164300001300211020001800224084001400242082000800256650001800264990001900282INLIS000000000001516 ind  a0010-0724001516 aAlice In Rapture Sort OfcPhyllis Reynolds Naylor aPhyllis Reynolds Naylor aJakarta :bPT Gramedia Pustaka Utamac2005 a160 hlm. a979-22-1680-4 a813 PHY a a813 aFiksi Inggris aP29/CP/24/1516